Normal view
MARC view
Entry Personal Name
001 - CONTROL NUMBER
- control field: 50418
003 - CONTROL NUMBER IDENTIFIER
- control field: dpl
005 - DATE AND TIME OF LATEST TRANSACTION
- control field: 20120725113526.0
008 - FIXED-LENGTH DATA ELEMENTS
- fixed length control field: 120725|||a|||||| | ||| d
040 ## - CATALOGING SOURCE
- Original cataloging agency: dpl
- Transcribing agency: dpl
100 ## - HEADING--PERSONAL NAME
- Personal name: Agarwal, Tanya Luther
670 ## - SOURCE DATA FOUND
- Source citation: Work cat.: (dpl)59286: Agarwal, Tanya Luther , Animals /, 2011
670 ## - SOURCE DATA FOUND
- Source citation: Work cat.: (dpl)59286: Agarwal, Tanya Luther , Animals /, 2011
